| 000 | 00999nam a22002297a 4500 | ||
|---|---|---|---|
| 003 | EG-ScBUE | ||
| 005 | 20220831102621.0 | ||
| 008 | 100427s1986 ua|||||r|||| 000 0 ara d | ||
| 040 |
_aEG-ScBUE _bara _erda _cEG-ScBUE _dEG-ScBUE |
||
| 082 |
_222 _a297.2 _bط ي ر |
||
| 100 |
_913704 _aالطير، مصطفى محمد الحديدي |
||
| 245 |
_a/القول الحق في البابية والبهائية والقاديانية والمهدية _cتأليف مصطفى محمد الحديدي الطير |
||
| 260 |
_a[القاهرة] : _bالدار المصرية اللبنانية ، 1986 _c1986 |
||
| 300 |
_a151 ص ؛ _c20 سم |
||
| 500 | _aإهداء: علاء عبد الغني | ||
| 650 |
_913294 _aالفرق الإسلامية _2BUEsh |
||
| 650 |
_913706 _aالبابية (فرق إسلامية) _2BUEsh |
||
| 650 |
_913707 _aالبهائية (فرق إسلامية) _2BUEsh |
||
| 650 |
_913708 _aالقاديانية (فرق إسلامية) _2BUEsh |
||
| 651 | _2BUEsh | ||
| 942 |
_2ddc _cBB |
||
| 999 |
_c13942 _d13942 |
||